| Tag |
First Indicator |
Second Indicator |
Subfields |
| LEADER |
00000cgm a2200000Mi 4500 |
| 001 |
in00005597213 |
| 006 |
m o c |
| 007 |
cr |n||||||||a |
| 007 |
vz |za|z| |
| 008 |
230323s2016 nyu060 e o vleng d |
| 005 |
20241201233915.5 |
| 035 |
|
|
|a (OCoLC)on1376037741
|
| 040 |
|
|
|a ALSTP
|b eng
|e rda
|c ALSTP
|d OCLCF
|d OCLCO
|d OCLCL
|d DXU
|
| 019 |
|
|
|a 1443944740
|
| 035 |
|
|
|a (OCoLC)1376037741
|z (OCoLC)1443944740
|
| 043 |
|
|
|a n-us---
|a n-us-ny
|
| 049 |
|
|
|a TXAM
|
| 245 |
0 |
0 |
|a Broadway masters.
|n 10,
|p Broadway masters with Paul McGill /
|c a Lovingood Studios production ; produced by Marcus Lovingood ; directed by Paul McGill.
|
| 246 |
1 |
0 |
|a Paul McGill
|
| 246 |
1 |
|
|a Art imitating life
|
| 264 |
|
1 |
|a New York, NY :
|b Broadway Licensing,
|c 2016.
|
| 300 |
|
|
|a 1 online resource (60 minutes)
|
| 306 |
|
|
|a 005901
|
| 336 |
|
|
|a two-dimensional moving image
|b tdi
|2 rdacontent
|
| 337 |
|
|
|a computer
|b c
|2 rdamedia
|
| 337 |
|
|
|a video
|b v
|2 rdamedia
|
| 338 |
|
|
|a online resource
|b cr
|2 rdacarrier
|
| 347 |
|
|
|a video file
|2 rdaft
|
| 490 |
0 |
|
|a Academic Video Online
|
| 500 |
|
|
|a Title from title screen (viewed March 23, 2023).
|
| 511 |
0 |
|
|a Paul McGill, interviewee ; Marcus Lovingood, presenter, interviewer.
|
| 520 |
|
|
|a Up close and personal with Broadway's best, Broadway Masters lets viewers into the minds and imaginations of 10 of the industry's top performers, who offer penetrating insight and an unforgettable education on how they made it to Broadway. Paul McGill tells his story, on how he went from booking his first Broadway show at only 17, to originating Mark in the Broadway revival of "A Chorus Line". Paul provides viewers with compelling insight on how to use natural talent to forge your own path and why it is important to discipline the mind, body, and spirit.
|
| 546 |
|
|
|a In English.
|
| 600 |
1 |
0 |
|a McGill, Paul,
|d 1987-
|v Interviews.
|
| 650 |
|
0 |
|a Actors
|z United States
|v Interviews.
|
| 650 |
|
0 |
|a Dancers
|z United States
|v Interviews.
|
| 650 |
|
0 |
|a Theater
|z New York (State)
|z New York.
|
| 650 |
|
6 |
|a Acteurs
|z États-Unis
|v Entretiens.
|
| 650 |
|
6 |
|a Danseurs
|z États-Unis
|v Entretiens.
|
| 650 |
|
7 |
|a Actors
|2 fast
|
| 650 |
|
7 |
|a Dancers
|2 fast
|
| 650 |
|
7 |
|a Theater
|2 fast
|
| 651 |
|
7 |
|a New York (State)
|z New York
|2 fast
|1 https://id.oclc.org/worldcat/entity/E39QbtfRvQh7864Jh4rDGBFDWc
|
| 651 |
|
7 |
|a United States
|2 fast
|1 https://id.oclc.org/worldcat/entity/E39PBJtxgQXMWqmjMjjwXRHgrq
|
| 655 |
|
7 |
|a documentary film.
|2 aat
|
| 655 |
|
7 |
|a interviews.
|2 aat
|
| 655 |
|
7 |
|a Documentary films
|2 fast
|
| 655 |
|
7 |
|a Interviews
|2 fast
|
| 655 |
|
7 |
|a Documentary films.
|2 lcgft
|
| 655 |
|
7 |
|a Interviews.
|2 lcgft
|
| 655 |
|
7 |
|a Documentaires.
|2 rvmgf
|
| 655 |
|
7 |
|a Interviews.
|2 rvmgf
|
| 700 |
1 |
|
|a McGill, Paul,
|d 1987-
|e director,
|e interviewee.
|
| 700 |
1 |
|
|a Lovingood, Marcus,
|e producer,
|e on-screen presenter,
|e interviewer.
|
| 710 |
2 |
|
|a Broadway Licensing,
|e publisher.
|
| 710 |
2 |
|
|a Lovingood Studios,
|e production company.
|
| 856 |
4 |
0 |
|u http://proxy.library.tamu.edu/login?url=https://www.aspresolver.com/aspresolver.asp?MARC;5402957
|z Connect to this streaming video (Alexander Street Press)
|t 0
|
| 955 |
|
|
|a Alexander Street Press subscription streaming video
|
| 994 |
|
|
|a 92
|b TXA
|
| 999 |
f |
f |
|s 570985cc-3627-4603-a95c-abba8827d020
|i b2ab3d79-bfdc-49bf-8706-1326555aa58e
|t 0
|
| 952 |
f |
f |
|a Texas A&M University
|b College Station
|c Electronic Resources
|d Available Online
|t 0
|h Library of Congress classification
|
| 998 |
f |
f |
|t 0
|l Available Online
|